000 00274nam a2200097Ia 4500
082 _a338.479168 BOTH
245 0 _aTourism entrepreneurs
100 _a Boakye, Eric Cape Town, South Africa, [20--?]
_974810
942 _cBK
008 210817s9999 xx 000 0 und d
999 _c246951
_d246950